Statistiken für 24h Le Mans Sieger

Klicken Sie hier um das Quiz zu spielen!

Allgemein

  • Dieses Quiz wurde 68 mal gespielt
  • Das Durchschnittsergebnis liegt bei 63 aus 91

Antwortstatistiken

JahrHersteller% Korrekt
2023Ferrari
100%
1949Ferrari
100%
1965Ferrari
100%
1964Ferrari
100%
1963Ferrari
100%
1962Ferrari
100%
1961Ferrari
100%
1958Ferrari
100%
1954Ferrari
100%
1960Ferrari
100%
1986Porsche
95%
2016Porsche
95%
1971Porsche
95%
1987Porsche
95%
1998Porsche
95%
2017Porsche
95%
1997Porsche
95%
1996Porsche
95%
1976Porsche
95%
1977Porsche
95%
1979Porsche
95%
1994Porsche
95%
1981Porsche
95%
2015Porsche
95%
1982Porsche
95%
1983Porsche
95%
1984Porsche
95%
1985Porsche
95%
1970Porsche
95%
2013Audi
93%
2014Audi
93%
2002Audi
93%
2004Audi
93%
2012Audi
93%
2011Audi
93%
2010Audi
93%
2008Audi
93%
2007Audi
93%
2006Audi
93%
2005Audi
93%
2000Audi
93%
2001Audi
93%
2021Toyota
93%
2020Toyota
93%
2018Toyota
93%
2019Toyota
93%
2022Toyota
93%
1952Mercedes-Benz
89%
1999BMW
80%
1995McLaren
76%
1969Ford
69%
1968Ford
69%
1967Ford
69%
1966Ford
69%
1978Renault-Alpine
69%
1939Bugatti
56%
1937Bugatti
56%
2009Peugeot
56%
1992Peugeot
56%
1993Peugeot
56%
2003Bentley
53%
1930Bentley
53%
1924Bentley
53%
1929Bentley
53%
1928Bentley
53%
1927Bentley
53%
1931Alfa Romeo
45%
1932Alfa Romeo
45%
1933Alfa Romeo
45%
1934Alfa Romeo
45%
1959Aston Martin
42%
1988Jaguar
40%
1951Jaguar
40%
1953Jaguar
40%
1955Jaguar
40%
1990Jaguar
40%
1956Jaguar
40%
1957Jaguar
40%
1991Mazda
29%
1989Sauber-Mercedes
25%
1974Matra-Simca
16%
1973Matra-Simca
16%
1972Matra-Simca
16%
1935Lagonda
7%
1926Lorraine-Dietrich
7%
1925Lorraine-Dietrich
7%
1975Mirage-Ford
7%
1980Rondeau-Ford
7%
1950Talbot-Lago
7%
1938Delahaye
5%
1923Chenard-Walcker
4%

Verteilung der Resultate

Perzentil nach korrekt beantworteten Fragen

Anzahl Personen mit jedem Resultat

Ihre Resultats-Entwicklung

Sie haben dieses Quiz noch nicht gespielt